000
00217 a2200097 4500
001
34678
100
_a
Research Institute
245
_a
Asian Security 1990-91
260
_a
UK
_b
Brassays Ltd
_c
090
_c
22962
_d
22962
942
_a
NUST-CAE
_c
M
_c
14405
999
_c
269751
_d
269751